000 00543nam a2200181Ia 4500
005 20250923144434.0
008 008 250917s9999 xx 000 0 eng d
037 _aTextual
040 _aDSWL
_beng
_cDSWL
041 _aeng
_2eng
084 _aT:3(YX;5-J--S), N34
_qDSWL
100 _aSwift, S.H.
_9824895
245 0 _aTraining in psychiatric social work
_cby S.H. Swift
260 _aN.Y.
_bCommonwealth Fund
_c1934
300 _a177 p.
942 _cTEXL
_hT:3(YX;5-J--S), N34
999 _c1438888
_d1438888